| 000 | 00948nam a22003490a 4500 | ||
|---|---|---|---|
| 001 | PT52929 | ||
| 003 | AR-LpoUNG | ||
| 005 | 20210131231535.0 | ||
| 008 | 191001s1993||||ag |||||||||||||||||spa d | ||
| 020 |
_a9503100011 _c$8,76 |
||
| 040 |
_aAR-LpoUNG _bspa _cAR-LpoUNG _eaacr |
||
| 041 | _aspa | ||
| 044 | _aag | ||
| 082 | 0 | _a982.024 176his | |
| 100 | 1 | _aAchával, José Néstor | |
| 245 | 1 | 0 |
_aHistoria de Santiago del Estero : _bsiglos XVI - XIX |
| 250 | _a2da. ed. | ||
| 260 |
_aSantiago del Estero : _bUniversidad Católica de Santiago del Estero, _c1993. |
||
| 300 |
_a453, [27] p. : _bil., fot., mapas |
||
| 650 | 4 | _aANALISIS HISTORICO | |
| 650 | 4 | _aARGENTINA | |
| 650 | 4 | _aASPECTOS POLITICOS | |
| 650 | 4 | _aGOBIERNO | |
| 650 | 4 | _aGOBIERNO LOCAL | |
| 650 | 4 | _aHISTORIA | |
| 650 | 4 | _aHISTORIA POLITICA | |
| 650 | 4 | _aINDEPENDENCIA | |
| 650 | 4 | _aPODER POLITICO | |
| 651 | 4 | _aArgentina | |
| 905 | _a52929 | ||
| 942 | _cLIB | ||
| 999 |
_c10631 _d10631 |
||